[Event "DVM U20w 2020"]
[Site "Willingen GER"]
[Date "2021.06.27"]
[Round "7"]
[White "Schmidt, Antonia"]
[Black "Berghold, Lotta"]
[Result "1-0"]
[Termination "normal"]
[Board "7.2"]
[WhiteElo "1458"]
[BlackElo "1387"]
[WhiteTeam "Lübecker SV von 1873"]
[BlackTeam "SC Borussia Lichtenberg 1"]
[PlyCount "63"]
[WhiteFideId "16291280"]
[BlackFideId "16243463"]
[EventCountry "GER"]
[EventRounds "7"]
[EventType "team-swiss"]
[EventDate "2021.06.23"]

1. c4 Nf6 2. Nc3 g6 3. g3 Bg7 4. Bg2 O-O 5. d3 d6 6. e4 e5 7. Nh3 h6 8. O-O Nc6
9. f4 Ne7 10. Nf2 exf4 11. Bxf4 Nh5 12. Bd2 Kh7 13. g4 Nf6 14. h3 Nfg8 15. Qc1
c6 16. h4 Be6 17. Rb1 d5 18. b3 Qd7 19. g5 b5 20. exd5 cxd5 21. Nxb5 Rac8 22.
Bf4 Nf5 23. Ng4 Nd4 24. Nxd4 Bxd4+ 25. Nf2 hxg5 26. hxg5 f6 27. Be3 dxc4 28.
bxc4 fxg5 29. Rb7 Rc7 30. Rxc7 Qxc7 31. Bxd4 Qg3 32. Qe3 1-0

[Event "DVM U14w 2020"]
[Site "Willingen GER"]
[Date "2021.06.24"]
[Round "1"]
[White "Reich, Elisabeth"]
[Black "Prinzen, Siri Marleen"]
[Result "1/2-1/2"]
[Termination "normal"]
[Board "1.1"]
[WhiteElo "1191"]
[BlackElo "1722"]
[WhiteClock "00:20:05"]
[BlackClock "00:02:10"]
[WhiteTeam "ATSV Oberkotzau"]
[BlackTeam "Karlsruher SF 1853"]
[PlyCount "103"]
[WhiteFideId "16239776"]
[BlackFideId "16265912"]
[EventCountry "GER"]
[EventRounds "7"]
[EventType "team-swiss"]
[EventDate "2021.06.23"]

1. e4 {[%clk 1:30:55]} c6 {[%clk 1:30:54]} 2. d3 {[%clk 1:31:21]} d5 {[%clk
1:31:04]} 3. Nd2 {[%clk 1:31:40]} e5 {[%clk 1:31:08]} 4. Ngf3 {[%clk 1:31:48]}
Bd6 {[%clk 1:31:24]} 5. g3 {[%clk 1:31:45]} Ne7 {[%clk 1:31:33]} 6. Bg2 {[%clk
1:31:41]} O-O {[%clk 1:31:45]} 7. O-O {[%clk 1:31:28]} f5 {[%clk 1:31:35]} 8.
Qe2 {[%clk 1:28:44]} fxe4 {[%clk 1:28:10]} 9. dxe4 {[%clk 1:28:34]} Ng6 {[%clk
1:24:50]} 10. c3 {[%clk 1:24:54]} Na6 {[%clk 1:14:51]} 11. Nb3 {[%clk 1:16:04]}
Nc7 {[%clk 1:06:48]} 12. Rd1 {[%clk 1:12:30]} Qf6 {[%clk 0:53:57]} 13. Bg5
{[%clk 1:00:41]} Qf7 {[%clk 0:53:20]} 14. Ne1 {[%clk 0:58:11]} Be6 {[%clk
0:49:13]} 15. Be3 {[%clk 0:51:52]} b6 {[%clk 0:40:57]} 16. exd5 {[%clk
0:48:34]} Nxd5 {[%clk 0:36:33]} 17. c4 {[%clk 0:43:16]} Nxe3 {[%clk 0:34:12]}
18. Qxe3 {[%clk 0:42:54]} Rad8 {[%clk 0:31:51]} 19. c5 {[%clk 0:39:12]} Bxb3
{[%clk 0:28:04]} 20. Rxd6 {[%clk 0:39:10]} Rxd6 {[%clk 0:28:13]} 21. cxd6
{[%clk 0:39:28]} Bd5 {[%clk 0:28:01]} 22. Rd1 {[%clk 0:35:31]} Rd8 {[%clk
0:24:42]} 23. Nf3 {[%clk 0:30:08]} Rxd6 {[%clk 0:21:24]} 24. Nxe5 {[%clk
0:29:19]} Nxe5 {[%clk 0:20:38]} 25. Qxe5 {[%clk 0:28:59]} Re6 {[%clk 0:16:52]}
26. Bxd5 {[%clk 0:28:41]} Rxe5 {[%clk 0:15:08]} 27. Bxf7+ {[%clk 0:28:56]} Kxf7
{[%clk 0:15:34]} 28. Rd7+ {[%clk 0:27:06]} Re7 {[%clk 0:15:56]} 29. Rxe7+
{[%clk 0:27:29]} Kxe7 {[%clk 0:16:20]} 30. f4 {[%clk 0:27:25]} a5 {[%clk
0:15:43]} 31. Kf2 {[%clk 0:27:39]} b5 {[%clk 0:13:43]} 32. Ke3 {[%clk 0:27:06]}
Kd6 {[%clk 0:13:50]} 33. Kd3 {[%clk 0:25:18]} c5 {[%clk 0:11:35]} 34. b3 {[%clk
0:25:13]} Kd5 {[%clk 0:10:09]} 35. a4 {[%clk 0:22:40]} Kc6 {[%clk 0:08:04]} 36.
Kc3 {[%clk 0:20:24]} c4 {[%clk 0:04:46]} 37. axb5+ {[%clk 0:20:31]} Kxb5 {[%clk
0:05:12]} 38. bxc4+ {[%clk 0:20:51]} Kc5 {[%clk 0:05:37]} 39. f5 {[%clk
0:21:03]} a4 {[%clk 0:04:06]} 40. Kb2 {[%clk 0:19:36]} Kxc4 {[%clk 0:03:43]}
41. Ka3 {[%clk 0:19:55]} Kd5 {[%clk 0:03:57]} 42. Kxa4 {[%clk 0:19:58]} Ke5
{[%clk 0:04:08]} 43. g4 {[%clk 0:20:23]} h5 {[%clk 0:03:50]} 44. gxh5 {[%clk
0:20:21]} Kxf5 {[%clk 0:03:55]} 45. Kb4 {[%clk 0:20:26]} Kg4 {[%clk 0:03:47]}
46. Kc4 {[%clk 0:20:39]} Kxh5 {[%clk 0:04:03]} 47. Kd4 {[%clk 0:20:59]} Kg4
{[%clk 0:01:21]} 48. Ke4 {[%clk 0:19:23]} g5 {[%clk 0:01:21]} 49. Ke5 {[%clk
0:19:34]} Kh3 {[%clk 0:01:29]} 50. Kf5 {[%clk 0:19:47]} g4 {[%clk 0:01:49]} 51.
Kf4 {[%clk 0:20:05]} Kxh2 {[%clk 0:02:10]} 52. Kxg4 1/2-1/2

[Event "DVM U14w 2020"]
[Site "Willingen GER"]
[Date "2021.06.24"]
[Round "1"]
[White "Fischer, Darja"]
[Black "Hergenröder, Cora"]
[Result "1-0"]
[Termination "normal"]
[Board "1.2"]
[WhiteElo "1559"]
[BlackElo "1489"]
[WhiteClock "00:12:48"]
[BlackClock "00:02:48"]
[WhiteTeam "Karlsruher SF 1853"]
[BlackTeam "ATSV Oberkotzau"]
[PlyCount "73"]
[WhiteFideId "16240898"]
[BlackFideId "34603700"]
[EventCountry "GER"]
[EventRounds "7"]
[EventType "team-swiss"]
[EventDate "2021.06.23"]

1. d4 {[%clk 1:30:58]} d5 {[%clk 1:30:55]} 2. c4 {[%clk 1:31:24]} c6 {[%clk
1:31:13]} 3. Nc3 {[%clk 1:31:17]} Nf6 {[%clk 1:31:25]} 4. Qc2 {[%clk 1:30:40]}
g6 {[%clk 1:30:05]} 5. Bf4 {[%clk 1:30:34]} Bf5 {[%clk 1:28:55]} 6. Qd2 {[%clk
1:30:44]} Bg7 {[%clk 1:25:50]} 7. e3 {[%clk 1:30:05]} e6 {[%clk 1:20:33]} 8.
Be2 {[%clk 1:26:51]} h5 {[%clk 1:12:48]} 9. Nf3 {[%clk 1:22:34]} Nbd7 {[%clk
1:08:42]} 10. Ne5 {[%clk 1:17:24]} Nxe5 {[%clk 1:01:07]} 11. Bxe5 {[%clk
1:17:21]} O-O {[%clk 0:59:45]} 12. h3 dxc4 {[%clk 0:53:48]} 13. Bxf6 {[%clk
1:10:52]} Bxf6 {[%clk 0:52:01]} 14. e4 Bxd4 {[%clk 0:46:08]} 15. exf5 {[%clk
0:57:59]} Bxf2+ {[%clk 0:43:22]} 16. Kd1 {[%clk 0:55:59]} Qxd2+ {[%clk
0:42:05]} 17. Kxd2 {[%clk 0:56:21]} Rad8+ {[%clk 0:42:12]} 18. Kc2 {[%clk
0:56:17]} exf5 {[%clk 0:38:11]} 19. Bxc4 {[%clk 0:54:46]} Rfe8 {[%clk 0:33:51]}
20. Rad1 {[%clk 0:51:28]} Be3 {[%clk 0:25:22]} 21. Rhe1 {[%clk 0:47:19]} Rxd1
{[%clk 0:20:12]} 22. Rxd1 {[%clk 0:47:37]} Re7 {[%clk 0:19:40]} 23. Rd8+ {[%clk
0:44:42]} Kg7 {[%clk 0:19:49]} 24. Kd3 {[%clk 0:44:05]} Bg5 {[%clk 0:18:55]}
25. Kc2 {[%clk 0:30:04]} b5 {[%clk 0:11:35]} 26. Bd3 {[%clk 0:28:20]} Re1
{[%clk 0:09:27]} 27. Rd6 {[%clk 0:25:26]} Re6 {[%clk 0:04:49]} 28. Rd7 {[%clk
0:22:25]} a5 {[%clk 0:04:42]} 29. Ne2 {[%clk 0:20:11]} a4 {[%clk 0:03:33]} 30.
b3 {[%clk 0:15:19]} axb3+ {[%clk 0:03:05]} 31. Kxb3 {[%clk 0:14:34]} Re3 {[%clk
0:03:16]} 32. Kb4 {[%clk 0:13:40]} Rg3 {[%clk 0:02:47]} 33. Nxg3 {[%clk
0:12:34]} Bh4 {[%clk 0:02:36]} 34. Ne2 {[%clk 0:12:34]} Be1+ {[%clk 0:02:58]}
35. Kc5 {[%clk 0:12:58]} b4 {[%clk 0:02:39]} 36. Bc4 {[%clk 0:13:10]} Kh6
{[%clk 0:02:48]} 37. Bxf7 {[%clk 0:12:48]} 1-0

[Event "DVM U14w 2020"]
[Site "Willingen GER"]
[Date "2021.06.24"]
[Round "1"]
[White "Leuchsenring, Delia"]
[Black "Haug, Mara"]
[Result "1-0"]
[Termination "normal"]
[Board "1.3"]
[WhiteElo "1051"]
[BlackElo "1379"]
[WhiteClock "00:22:24"]
[BlackClock "00:15:36"]
[WhiteTeam "ATSV Oberkotzau"]
[BlackTeam "Karlsruher SF 1853"]
[PlyCount "111"]
[WhiteFideId "34605304"]
[BlackFideId "16259300"]
[EventCountry "GER"]
[EventRounds "7"]
[EventType "team-swiss"]
[EventDate "2021.06.23"]

1. e4 {[%clk 1:30:57]} c5 {[%clk 1:30:52]} 2. c3 {[%clk 1:31:05]} d5 {[%clk
1:31:13]} 3. exd5 {[%clk 1:30:45]} Qxd5 {[%clk 1:31:32]} 4. d4 {[%clk 1:30:40]}
e6 {[%clk 1:31:32]} 5. Nf3 {[%clk 1:29:27]} Nf6 {[%clk 1:30:47]} 6. Bd3 {[%clk
1:26:42]} Nc6 {[%clk 1:27:12]} 7. Be3 {[%clk 1:20:52]} c4 {[%clk 1:21:46]} 8.
Bc2 {[%clk 1:17:58]} Be7 {[%clk 1:19:53]} 9. Nbd2 {[%clk 1:16:03]} O-O {[%clk
1:18:50]} 10. O-O {[%clk 1:12:02]} b6 {[%clk 1:15:24]} 11. Qe2 {[%clk 1:07:36]}
b5 {[%clk 1:12:45]} 12. Bf4 {[%clk 0:59:02]} Bb7 {[%clk 1:07:50]} 13. Rfe1
{[%clk 0:55:14]} Bd6 {[%clk 1:00:58]} 14. Bxd6 {[%clk 0:51:26]} Qxd6 {[%clk
0:59:25]} 15. Ne4 {[%clk 0:49:46]} Qe7 {[%clk 0:57:18]} 16. h3 {[%clk 0:48:07]}
Nd5 {[%clk 0:50:42]} 17. Qd2 {[%clk 0:44:44]} Rad8 {[%clk 0:46:21]} 18. Rad1
{[%clk 0:39:51]} Qc7 {[%clk 0:42:35]} 19. Neg5 {[%clk 0:34:59]} h6 {[%clk
0:39:38]} 20. Ne4 {[%clk 0:34:41]} Nde7 {[%clk 0:37:28]} 21. Qe3 {[%clk
0:32:06]} Nf5 {[%clk 0:34:33]} 22. Qc1 {[%clk 0:30:16]} Rfe8 {[%clk 0:31:19]}
23. Qb1 {[%clk 0:28:15]} Nfe7 {[%clk 0:27:54]} 24. Re2 {[%clk 0:21:37]} Nd5
{[%clk 0:26:13]} 25. Ng3 {[%clk 0:19:30]} Nf4 {[%clk 0:23:16]} 26. Ree1 {[%clk
0:18:12]} Ne7 {[%clk 0:22:18]} 27. Ne4 {[%clk 0:16:37]} Nf5 {[%clk 0:19:50]}
28. Ned2 {[%clk 0:15:16]} Ne7 {[%clk 0:18:08]} 29. Ne4 {[%clk 0:14:45]} Qc6
{[%clk 0:15:13]} 30. Kf1 {[%clk 0:12:27]} Qd5 {[%clk 0:13:16]} 31. Qc1 {[%clk
0:12:37]} Neg6 {[%clk 0:12:12]} 32. Qe3 {[%clk 0:11:58]} Qc6 {[%clk 0:10:48]}
33. Kg1 {[%clk 0:10:58]} Nd5 {[%clk 0:10:38]} 34. Qd2 {[%clk 0:10:37]} Qc7
{[%clk 0:09:44]} 35. Ng3 {[%clk 0:09:31]} Qb8 {[%clk 0:09:04]} 36. Bxg6 {[%clk
0:09:21]} fxg6 {[%clk 0:09:25]} 37. Re2 {[%clk 0:08:50]} Nf4 {[%clk 0:09:24]}
38. Re3 {[%clk 0:08:07]} Bd5 {[%clk 0:08:28]} 39. Kh2 {[%clk 0:07:21]} Qb7
{[%clk 0:08:16]} 40. Qc2 {[%clk 0:06:41]} Rf8 {[%clk 0:05:49]} 41. Ne4 {[%clk
0:06:16]} Nd3 {[%clk 0:04:55]} 42. Rdxd3 {[%clk 0:03:57]} cxd3 {[%clk 0:03:17]}
43. Qxd3 {[%clk 0:04:13]} Rf4 {[%clk 0:02:31]} 44. Nc5 {[%clk 0:03:34]} Qb8
{[%clk 0:01:53]} 45. Kg1 {[%clk 0:03:26]} Qb6 {[%clk 0:00:59]} 46. Ne5 {[%clk
0:03:07]} g5 {[%clk 0:30:07]} 47. Ng6 {[%clk 0:33:05]} Rf7 {[%clk 0:28:12]} 48.
Ne5 {[%clk 0:32:14]} Rc7 {[%clk 0:25:27]} 49. b3 {[%clk 0:29:32]} Re8 {[%clk
0:21:27]} 50. c4 {[%clk 0:28:17]} bxc4 {[%clk 0:21:34]} 51. bxc4 {[%clk
0:27:51]} Bb7 {[%clk 0:20:19]} 52. Ncd7 {[%clk 0:25:34]} Qb2 {[%clk 0:19:24]}
53. Qg6 {[%clk 0:24:50]} Re7 {[%clk 0:16:52]} 54. Nf6+ {[%clk 0:23:44]} Kf8
{[%clk 0:15:56]} 55. Qf7+ {[%clk 0:22:03]} Rxf7 {[%clk 0:15:36]} 56. Ng6#
{[%clk 0:22:24]} 1-0

[Event "DVM U14w 2020"]
[Site "Willingen GER"]
[Date "2021.06.24"]
[Round "1"]
[White "Hoffmann, Sophia"]
[Black "Köppel, Clementine"]
[Result "1-0"]
[Termination "normal"]
[Board "1.4"]
[WhiteElo "1266"]
[BlackElo "1244"]
[WhiteClock "00:08:26"]
[BlackClock "00:11:14"]
[WhiteTeam "Karlsruher SF 1853"]
[BlackTeam "ATSV Oberkotzau"]
[PlyCount "79"]
[WhiteFideId "16259130"]
[BlackFideId "34605819"]
[EventCountry "GER"]
[EventRounds "7"]
[EventType "team-swiss"]
[EventDate "2021.06.23"]

1. d4 {[%clk 1:30:57]} d5 {[%clk 1:30:52]} 2. Bf4 {[%clk 1:31:19]} Nc6 {[%clk
1:30:47]} 3. Nc3 {[%clk 1:31:41]} Bf5 {[%clk 1:30:19]} 4. e3 {[%clk 1:32:01]}
Nf6 {[%clk 1:30:23]} 5. Bb5 {[%clk 1:31:56]} Bd7 {[%clk 1:29:44]} 6. Nf3 {[%clk
1:31:54]} e6 {[%clk 1:29:52]} 7. O-O {[%clk 1:32:03]} Bb4 {[%clk 1:30:14]} 8.
Ne2 {[%clk 1:31:06]} O-O {[%clk 1:29:28]} 9. Bd3 {[%clk 1:28:21]} Ne4 {[%clk
1:24:55]} 10. Ng3 {[%clk 1:24:37]} Nxg3 {[%clk 1:22:08]} 11. fxg3 {[%clk
1:23:05]} h6 {[%clk 1:17:48]} 12. g4 {[%clk 1:11:18]} Bd6 {[%clk 1:10:40]} 13.
Ne5 {[%clk 0:59:26]} Bxe5 {[%clk 1:07:23]} 14. dxe5 {[%clk 0:50:42]} Qh4 {[%clk
1:01:16]} 15. Rf3 {[%clk 0:35:38]} f5 {[%clk 0:53:28]} 16. g5 {[%clk 0:31:22]}
hxg5 {[%clk 0:50:04]} 17. Rh3 {[%clk 0:30:17]} Qg4 {[%clk 0:49:55]} 18. Be2
{[%clk 0:30:05]} Qxh3 {[%clk 0:48:51]} 19. gxh3 {[%clk 0:30:03]} gxf4 {[%clk
0:49:10]} 20. exf4 {[%clk 0:30:18]} Ne7 {[%clk 0:45:47]} 21. Kf2 {[%clk
0:28:21]} Ng6 {[%clk 0:44:52]} 22. Ke3 {[%clk 0:27:01]} c5 {[%clk 0:42:16]} 23.
c3 {[%clk 0:25:08]} Rad8 {[%clk 0:33:23]} 24. Bh5 {[%clk 0:24:41]} Nh4 {[%clk
0:30:02]} 25. Qg1 {[%clk 0:24:21]} Be8 {[%clk 0:25:43]} 26. Bxe8 {[%clk
0:23:00]} Rdxe8 {[%clk 0:25:13]} 27. Qg5 d4+ 28. cxd4 {[%clk 0:20:22]} cxd4+
{[%clk 0:25:36]} 29. Kf2 {[%clk 0:20:36]} Nf3 {[%clk 0:20:26]} 30. Kxf3 {[%clk
0:20:52]} Rd8 {[%clk 0:19:37]} 31. Rd1 {[%clk 0:20:27]} Rd7 {[%clk 0:18:37]}
32. Qg6 {[%clk 0:17:49]} Rff7 {[%clk 0:16:26]} 33. Qxe6 {[%clk 0:16:12]} Rde7
{[%clk 0:15:08]} 34. Qc4 {[%clk 0:15:20]} Rc7 {[%clk 0:14:17]} 35. Qxd4 {[%clk
0:14:27]} Rfe7 {[%clk 0:13:22]} 36. Qd3 {[%clk 0:11:31]} g6 {[%clk 0:12:45]}
37. Rg1 {[%clk 0:09:07]} Rcd7 {[%clk 0:11:49]} 38. Rxg6+ {[%clk 0:08:13]} Kf7
{[%clk 0:11:14]} 39. Qxf5+ {[%clk 0:08:26]} Ke8 40. Rg8# 1-0

[Event "DVM U14w 2020"]
[Site "Willingen GER"]
[Date "2021.06.24"]
[Round "1"]
[White "Becker, Linda"]
[Black "Roncea, Andrea-Alexandra"]
[Result "1-0"]
[Termination "normal"]
[Board "2.1"]
[WhiteElo "1763"]
[BlackElo "1619"]
[WhiteClock "00:41:51"]
[BlackClock "00:22:02"]
[WhiteTeam "Schachgemeinschaft Porz e. V."]
[BlackTeam "SC Papenburg"]
[PlyCount "59"]
[WhiteFideId "16244753"]
[BlackFideId "16233115"]
[EventCountry "GER"]
[EventRounds "7"]
[EventType "team-swiss"]
[EventDate "2021.06.23"]

1. e4 {[%clk 1:30:57]} e5 {[%clk 1:30:55]} 2. Nf3 {[%clk 1:31:18]} Nc6 {[%clk
1:31:17]} 3. d4 {[%clk 1:31:39]} exd4 {[%clk 1:31:37]} 4. Nxd4 {[%clk 1:32:00]}
Bc5 {[%clk 1:31:57]} 5. Nb3 {[%clk 1:32:14]} Bb6 {[%clk 1:32:14]} 6. Nc3 {[%clk
1:32:31]} a6 {[%clk 1:31:46]} 7. Qe2 {[%clk 1:32:33]} d6 {[%clk 1:29:09]} 8.
Be3 {[%clk 1:32:03]} Ba7 {[%clk 1:25:24]} 9. O-O-O {[%clk 1:28:50]} Nf6 {[%clk
1:18:41]} 10. f3 {[%clk 1:25:06]} Bxe3+ {[%clk 1:10:28]} 11. Qxe3 {[%clk
1:25:25]} Be6 {[%clk 1:09:46]} 12. Nc5 {[%clk 1:16:40]} Qc8 {[%clk 1:02:12]}
13. Nd3 {[%clk 1:10:25]} O-O {[%clk 0:57:39]} 14. g4 {[%clk 1:07:00]} b5 {[%clk
0:53:59]} 15. Nf4 {[%clk 1:05:14]} Re8 {[%clk 0:50:33]} 16. g5 {[%clk 1:03:50]}
Nd7 {[%clk 0:49:48]} 17. h4 {[%clk 1:02:33]} Nde5 {[%clk 0:45:12]} 18. h5
{[%clk 0:59:23]} Nb4 {[%clk 0:41:43]} 19. Kb1 {[%clk 0:57:24]} Qb7 {[%clk
0:35:31]} 20. g6 {[%clk 0:55:01]} fxg6 {[%clk 0:33:20]} 21. hxg6 {[%clk
0:52:45]} h6 {[%clk 0:33:20]} 22. Nh5 {[%clk 0:50:52]} Rf8 {[%clk 0:31:14]} 23.
Nxg7 {[%clk 0:46:19]} Rf6 {[%clk 0:23:45]} 24. Qxh6 {[%clk 0:43:16]} Rxg6
{[%clk 0:23:25]} 25. Qh7+ {[%clk 0:43:22]} Kf8 {[%clk 0:23:20]} 26. Nxe6+
{[%clk 0:43:05]} Rxe6 {[%clk 0:23:36]} 27. Rg1 {[%clk 0:41:47]} Ng6 {[%clk
0:22:09]} 28. Rxg6 {[%clk 0:41:58]} Rxg6 {[%clk 0:22:33]} 29. Qxg6 {[%clk
0:42:21]} Ke7 {[%clk 0:22:02]} 30. Bh3 {[%clk 0:41:51]} 1-0

[Event "DVM U14w 2020"]
[Site "Willingen GER"]
[Date "2021.06.24"]
[Round "1"]
[White "Zöllner, Bente"]
[Black "Ramien, Hannah"]
[Result "1/2-1/2"]
[Termination "normal"]
[Board "2.2"]
[WhiteElo "1614"]
[BlackElo "1396"]
[WhiteClock "00:20:11"]
[BlackClock "00:27:09"]
[WhiteTeam "SC Papenburg"]
[BlackTeam "Schachgemeinschaft Porz e. V."]
[PlyCount "136"]
[WhiteFideId "16230523"]
[BlackFideId "16209982"]
[EventCountry "GER"]
[EventRounds "7"]
[EventType "team-swiss"]
[EventDate "2021.06.23"]

{[%evp 0,129,32,29,25,19,30,-20,9,-16,17,21,25,24,30,53,51,43,56,43,43,50,33,
28,38,-1,6,5,-2,6,6,-26,-31,-57,-22,-20,-90,-67,13,16,13,4,0,-131,-131,-143,
-33,-31,-45,-52,-52,-63,-37,-64,-47,-45,0,-54,0,0,0,-75,-70,-78,-78,-81,-81,
-81,-81,-81,-85,-71,-62,-69,-79,-78,-71,-95,-62,-95,-93,-96,-95,-107,-111,-204,
-207,-207,-212,-208,-210,-216,-222,-250,-250,-263,-284,-295,-207,-219,-212,
-201,-193,-242,-191,-192,-201,-200,-74,-192,-194,-203,-153,-152,-97,-138,0,0,0,
-28,0,0,0,0,0,0,0,0,0,0,0,-940]} 1. d4 d5 2. Nf3 Nf6 3. c4 e6 4. Bg5 Be7 5. Nc3
O-O 6. e3 Nbd7 7. cxd5 exd5 8. Bd3 h6 9. Bh4 b6 10. O-O c5 11. Rc1 Bb7 12. Re1
Ne4 13. Bxe7 Qxe7 14. Nd2 Ndf6 15. Ndxe4 dxe4 16. Bf1 Rad8 17. Qa4 cxd4 18.
exd4 Ba8 19. Bd3 Rfe8 20. Bb5 Rf8 21. Nxe4 Nxe4 22. f3 Qd6 23. fxe4 Qxd4+ 24.
Qxd4 Rxd4 25. Rc4 Rfd8 26. Kf2 Rxc4 27. Bxc4 Rd4 28. b3 Rxe4 29. Rd1 Bc6 30.
Rd8+ Re8 31. Rd6 Rc8 32. Ba6 Rc7 33. Rd8+ Kh7 34. Rd6 Be4 35. Bc4 Bf5 36. a4 f6
37. Rd8 Rd7 38. Re8 Bd3 39. Bg8+ Kg6 40. h3 Bc2 41. Bc4 Rd2+ 42. Kg3 Bxb3 43.
Bxb3 Rd3+ 44. Kf2 Rxb3 45. Re7 a5 46. Rb7 Rb4 47. g4 Rxa4 48. Rxb6 Rb4 49. Ra6
a4 50. Ra5 Rb2+ 51. Kg3 Rb3+ 52. Kf4 a3 53. h4 Rb4+ 54. Kf3 Rb3+ 55. Kf4 Rh3
56. h5+ Kh7 57. Ra4 g6 58. Ra7+ Kg8 59. hxg6 h5 60. g5 f5 61. Kxf5 Rf3+ 62. Ke4
Rg3 63. Kf4 h4 64. Kf5 h3 65. Ra8+ Kg7 66. Ra7+ Kg8 67. Ra8+ Kg7 68. Ra7+ Kg8
1/2-1/2

[Event "DVM U14w 2020"]
[Site "Willingen GER"]
[Date "2021.06.24"]
[Round "1"]
[White "Sinner, Joselyne"]
[Black "Kube, Maja"]
[Result "0-1"]
[Termination "normal"]
[Board "2.3"]
[WhiteElo "1409"]
[BlackElo "979"]
[WhiteClock "00:10:18"]
[BlackClock "00:26:57"]
[WhiteTeam "Schachgemeinschaft Porz e. V."]
[BlackTeam "SC Papenburg"]
[PlyCount "60"]
[WhiteFideId "16210387"]
[BlackFideId "16298268"]
[EventCountry "GER"]
[EventRounds "7"]
[EventType "team-swiss"]
[EventDate "2021.06.23"]

1. e4 {[%clk 1:30:56]} e5 {[%clk 1:30:53]} 2. Nf3 {[%clk 1:31:22]} Nc6 {[%clk
1:31:11]} 3. Bc4 {[%clk 1:31:46]} Nf6 {[%clk 1:31:10]} 4. d3 {[%clk 1:30:51]}
d6 {[%clk 1:30:37]} 5. c3 {[%clk 1:29:52]} Bg4 {[%clk 1:29:08]} 6. Bb3 {[%clk
1:28:30]} d5 {[%clk 1:26:36]} 7. Qe2 {[%clk 1:20:19]} d4 {[%clk 1:18:11]} 8. h3
{[%clk 1:16:18]} Bxf3 {[%clk 1:12:54]} 9. Qxf3 {[%clk 1:16:37]} Qd7 {[%clk
1:10:35]} 10. Bg5 {[%clk 1:06:37]} O-O-O {[%clk 1:03:48]} 11. Bxf6 {[%clk
1:04:13]} gxf6 {[%clk 0:58:52]} 12. Qxf6 {[%clk 1:04:32]} dxc3 {[%clk 0:48:28]}
13. bxc3 {[%clk 0:50:55]} Bc5 {[%clk 0:46:39]} 14. Bc2 {[%clk 0:42:11]} Nb4
{[%clk 0:43:21]} 15. cxb4 {[%clk 0:17:49]} Bd4 {[%clk 0:40:41]} 16. Nc3 {[%clk
0:15:34]} Bxc3+ {[%clk 0:37:08]} 17. Ke2 {[%clk 0:15:59]} Bxa1 {[%clk 0:34:25]}
18. Rxa1 {[%clk 0:16:24]} Qd4 {[%clk 0:33:45]} 19. Rb1 {[%clk 0:16:10]} Rhf8
{[%clk 0:31:04]} 20. Qf5+ {[%clk 0:15:28]} Kb8 {[%clk 0:30:30]} 21. Qxh7 {[%clk
0:15:45]} a6 {[%clk 0:27:37]} 22. b5 {[%clk 0:12:51]} Qc3 {[%clk 0:26:13]} 23.
Kd1 {[%clk 0:10:38]} Rxd3+ {[%clk 0:25:43]} 24. Bxd3 {[%clk 0:10:37]} Qxd3+
{[%clk 0:26:05]} 25. Kc1 {[%clk 0:10:57]} Qc3+ {[%clk 0:26:14]} 26. Kd1 {[%clk
0:11:05]} Rd8+ {[%clk 0:26:28]} 27. Ke2 {[%clk 0:09:52]} Qd3+ {[%clk 0:26:42]}
28. Ke1 {[%clk 0:09:42]} Qxb1+ {[%clk 0:26:41]} 29. Ke2 {[%clk 0:10:00]} Qd3+
{[%clk 0:26:57]} 30. Ke1 {[%clk 0:10:18]} Qd1# 0-1

[Event "DVM U14w 2020"]
[Site "Willingen GER"]
[Date "2021.06.24"]
[Round "1"]
[White "Hubert, Charlotte"]
[Black "Zhou, Lepu Coco"]
[Result "0-1"]
[Termination "normal"]
[Board "3.1"]
[WhiteElo "1549"]
[BlackElo "1905"]
[WhiteClock "00:00:56"]
[BlackClock "00:18:46"]
[WhiteTeam "Hamburger SK von 1830"]
[BlackTeam "SC Weisse Dame e.V."]
[PlyCount "100"]
[WhiteFideId "16265920"]
[BlackFideId "16217136"]
[EventCountry "GER"]
[EventRounds "7"]
[EventType "team-swiss"]
[EventDate "2021.06.23"]

1. e4 {[%clk 1:30:56]} e5 {[%clk 1:30:51]} 2. Nf3 {[%clk 1:31:18]} Nc6 {[%clk
1:31:08]} 3. Bb5 {[%clk 1:31:41]} a6 {[%clk 1:31:30]} 4. Ba4 {[%clk 1:32:03]}
Nf6 {[%clk 1:31:48]} 5. O-O {[%clk 1:32:14]} Be7 {[%clk 1:32:08]} 6. Re1 {[%clk
1:32:36]} b5 {[%clk 1:32:30]} 7. Bb3 {[%clk 1:32:55]} O-O {[%clk 1:32:48]} 8.
a4 {[%clk 1:32:44]} Bb7 {[%clk 1:32:32]} 9. d3 {[%clk 1:33:00]} d6 {[%clk
1:30:29]} 10. Nbd2 {[%clk 1:31:34]} Na5 {[%clk 1:29:07]} 11. Ba2 {[%clk
1:31:44]} c5 {[%clk 1:28:57]} 12. Nf1 {[%clk 1:30:46]} Re8 {[%clk 1:27:35]} 13.
c3 {[%clk 1:25:36]} Bf8 {[%clk 1:24:51]} 14. Ng3 {[%clk 1:18:16]} g6 {[%clk
1:23:07]} 15. Bg5 {[%clk 1:04:29]} h6 {[%clk 1:21:39]} 16. Bd2 {[%clk 0:59:20]}
c4 {[%clk 1:19:04]} 17. axb5 {[%clk 0:46:46]} axb5 {[%clk 1:18:46]} 18. Bb1
{[%clk 0:43:41]} Nb3 {[%clk 1:17:09]} 19. Rxa8 {[%clk 0:43:21]} Qxa8 {[%clk
1:17:04]} 20. Qe2 {[%clk 0:40:14]} Rc8 {[%clk 1:03:01]} 21. d4 {[%clk 0:36:01]}
Re8 {[%clk 0:58:18]} 22. d5 {[%clk 0:28:43]} Qa1 {[%clk 0:55:42]} 23. Be3
{[%clk 0:25:15]} Ng4 {[%clk 0:54:13]} 24. Nh4 {[%clk 0:23:11]} Nxe3 {[%clk
0:51:45]} 25. fxe3 {[%clk 0:23:32]} Qa7 {[%clk 0:50:42]} 26. Qf2 {[%clk
0:21:27]} Bc8 {[%clk 0:49:45]} 27. Bc2 {[%clk 0:15:57]} Nc5 {[%clk 0:49:22]}
28. Rf1 {[%clk 0:15:27]} h5 {[%clk 0:44:46]} 29. Nf3 {[%clk 0:10:47]} Bh6
{[%clk 0:44:35]} 30. Re1 {[%clk 0:09:27]} Bg4 {[%clk 0:23:21]} 31. h3 {[%clk
0:06:37]} Bxf3 {[%clk 0:23:00]} 32. Qxf3 {[%clk 0:06:55]} Qa2 {[%clk 0:22:29]}
33. Rf1 {[%clk 0:04:43]} Rf8 {[%clk 0:22:40]} 34. Qf6 {[%clk 0:01:43]} Bxe3+
{[%clk 0:20:35]} 35. Kh1 {[%clk 0:02:00]} Qxb2 {[%clk 0:20:26]} 36. Bd1 {[%clk
0:01:30]} Nd3 {[%clk 0:16:38]} 37. Bxh5 {[%clk 0:00:35]} Nf4 {[%clk 0:11:59]}
38. Bf3 {[%clk 0:00:41]} b4 {[%clk 0:11:00]} 39. h4 {[%clk 0:00:34]} Nd3 {[%clk
0:02:07]} 40. h5 {[%clk 0:00:40]} Bh6 {[%clk 0:00:51]} 41. hxg6 {[%clk
0:11:43]} Bg7 {[%clk 0:29:35]} 42. gxf7+ {[%clk 0:10:32]} Rxf7 {[%clk 0:29:56]}
43. Qd8+ {[%clk 0:09:55]} Rf8 {[%clk 0:30:18]} 44. Qxd6 {[%clk 0:08:56]} bxc3
{[%clk 0:24:40]} 45. Qe6+ {[%clk 0:09:04]} Kh7 {[%clk 0:24:28]} 46. Qh3+ {[%clk
0:08:44]} Bh6 {[%clk 0:23:43]} 47. Qd7+ {[%clk 0:05:16]} Kh8 {[%clk 0:23:33]}
48. Qh3 {[%clk 0:01:32]} Qd2 {[%clk 0:20:50]} 49. Nf5 {[%clk 0:01:20]} c2
{[%clk 0:18:46]} 50. Nxh6 {[%clk 0:00:56]} Nf2+ 0-1